Donald Trump International Presidential Trips - Statistics

General Stats
  • This quiz has been taken 105 times
    78 since last reset
  • The average score is 18 of 29
Answer Stats
Travel Dates Country % Correct
TBD: 2018 United Kingdom
99%
July 13-14, 2017 France
96%
Anticipated: 2019 France
96%
November 5-14, 2017 Japan
91%
Anticipated: 2019 Japan
91%
Planned: June 8-9, 2018 Canada
87%
May 20-25, 2017 Italy
87%
November 5-14, 2017 China
85%
November 5-14, 2017 South Korea
84%
July 5-8, 2017 Germany
82%
May 20-25, 2017 Belgium
69%
Planned: July 11-12, 2018 Belgium
69%
Anticipated: 2019 Belgium
69%
May 20-25, 2017 Israel
67%
July 5-8, 2017 Poland
64%
May 20-25, 2017 Saudi Arabia
63%
Anticipated: 2020 Saudi Arabia
63%
TBD: November 2018 Argentina
54%
November 5-14, 2017 Vietnam
54%
Anticipated: 2020 Vietnam
54%
TBD: November 2018 Singapore
49%
November 5-14, 2017 Philippines
43%
May 20-25, 2017 Vatican City
42%
Anticipated: 2019 Chile
34%
Anticipated: 2020 Malaysia
28%
Anticipated: 2019 Thailand
28%
May 20-25, 2017 Palestine
21%
Planned: April 13-14, 2018 Peru
18%
TBD: November 2018 Papua New Guinea
3%
No matching quizzes found
Score Distribution
Percent of People with Each Score
Percentile by Number Answered
Your Score History
You have not taken this quiz since the last reset